Statistics for A-Z South American Geography

Click here to take the quiz!

General Stats

  • This quiz has been taken 45 times
  • The average score is 11 of 24

Answer Stats

LetterHintAnswer% Correct
LCapital of PeruLima
95%
MCapital of UruguayMontevideo
93%
VCaracas is its capitalVenezuela
93%
CCountry the above is inColombia
90%
FBritish overseas territory in South AtlanticFalkland
90%
QEcuador's Capital CityQuito
88%
EChilean Territory in the Pacific OceanEaster Island
85%
ACapital of ParaguayAsuncion
83%
GCapital of GuyanaGeorgetown
78%
SConstitutional capital of BoliviaSucre
76%
PBirthplace of Paddington BearPeru
68%
TLargest Lake by Surface Are in South AmericaTiticaca
68%
KFamous Footballer from Gama, Federal District, BrazilKaka
32%
NFamous Footballer from Mogi Das CruzesNeymar
32%
BBirthplace of ShakiraBarranquilla
29%
RCurrent Copa Libertadores ChampionsRiver Plate
17%
ILargest Waterfall System in the worldIguassu/Igauzu
7%
URiver in PeruUcayali
5%
XRiver in BrazilXingu
5%
OCity on Brazil’s northeast coastOlinda
2%
HPeru's Tallest MountainHuarascán
0%
JCity in the State of Pernambuco, BrazilJaboatao
0%
YMost Dangerous Road in the world: North...Yungas
0%
ZColombian City famous for its salt cathedralZipaquira
0%

Score Distribution

Percentile by Number Answered

Percent of People with Each Score

Your Score History

You have not taken this quiz